[Event "BCF-chT3E 2224 (4NCL)"]
[Site "England"]
[Date "2024.01.14"]
[Round "4.56"]
[White "Clancy, Martin J"]
[Black "Evans, Harry G1"]
[Result "0-1"]
[WhiteElo "1840"]
[BlackElo "1971"]
[PlyCount "58"]
[EventDate "2023.11.11"]
[EventType "team-tourn"]
[EventRounds "11"]
[EventCountry "ENG"]
[SourceTitle "CB11_2024"]
[SourceDate "2024.03.13"]
[SourceVersion "1"]
[SourceVersionDate "2024.03.13"]
[SourceQuality "1"]
[WhiteTeam "Poole Patzers"]
[BlackTeam "Kingston II"]
[WhiteTeamCountry "ENG"]
[BlackTeamCountry "ENG"]

1. e4 d5 2. exd5 Qxd5 3. Qf3 Nf6 4. Nc3 Qd8 5. Bb5+ c6 6. Be2 e5 7. d3 Be7 8. Qg3 Qa5 9. Bd2 Nbd7 10. Bf3 Kf8 11. Nd5 Qd8 12. Ne3 g6 13. Nc4 Kg7 14. h4 h5 15. Bc3 Re8 16. 0-0-0 Bc5 17. Nh3 Bd4 18. Nd6 Bxc3 19. Nxe8+ Qxe8 20. bxc3 Qd8 21. Be4 Qa5 22. Rhf1 Qxc3 23. Ng5 Nc5 24. Qe3 Bg4 25. f3 Bf5 26. Bxf5 gxf5 27. Qe1 Qa3+ 28. Kd2 Nxd3 29. cxd3 Qb2+ 0-1

[Event "Frome op"]
[Site "Frome"]
[Date "2018.05.20"]
[Round "4"]
[White "Martin, Lewis"]
[Black "Clancy, Martin J"]
[Result "1-0"]
[WhiteElo "2109"]
[BlackElo "1820"]
[PlyCount "73"]
[EventDate "2018.05.18"]
[EventType "swiss"]
[EventRounds "5"]
[EventCountry "ENG"]
[SourceTitle "CBM 184 Extra"]
[Source "ChessBase"]
[SourceDate "2018.06.28"]
[SourceVersion "1"]
[SourceVersionDate "2018.06.28"]
[SourceQuality "1"]

1. e4 c5 2. Nf3 e6 3. d4 cxd4 4. Nxd4 Nf6 5. Nc3 Nc6 6. Be3 d6 7. Be2 Be7 8. 0-0 a6 9. Nb3 b5 10. a3 Bb7 11. f4 Rc8 12. Bf3 Na5 13. Nxa5 Qxa5 14. e5 Bxf3 15. Qxf3 Nd7 16. exd6 Bxd6 17. Qb7 Rd8 18. Rad1 Bxa3 19. Ra1 b4 20. Nb1 Qf5 21. bxa3 0-0 22. axb4 Nf6 23. Bc5 Rfe8 24. Rxa6 Qxc2 25. Na3 Qb3 26. b5 Rd7 27. Qc6 h5 28. h3 Kh7 29. Bd6 Qe3+ 30. Kh2 Red8 31. Qc2+ Ne4 32. Nc4 Qg3+ 33. Kg1 f5 34. Ra3 Qh4 35. Be5 Rd1 36. Rxd1 Rxd1+ 37. Qxd1 1-0

[Event "BCF-chT3S 1718 (4NCL) Demotion pool"]
[Site "England"]
[Date "2018.05.07"]
[Round "11.65"]
[White "Clancy, Martin J"]
[Black "Jaszkiwskyj, Peter"]
[Result "0-1"]
[WhiteElo "1835"]
[BlackElo "1928"]
[PlyCount "92"]
[EventDate "2017.11.11"]
[EventType "team-tourn"]
[EventRounds "11"]
[EventCountry "ENG"]
[SourceTitle "EXT 2020"]
[Source "ChessBase"]
[SourceDate "2019.10.17"]
[SourceVersion "1"]
[SourceVersionDate "2019.10.17"]
[SourceQuality "1"]
[WhiteTeam "Hackney"]
[BlackTeam "The Rookies"]
[WhiteTeamCountry "ENG"]
[BlackTeamCountry "ENG"]

1. e4 e6 2. d4 d5 3. Nd2 Nf6 4. e5 Nfd7 5. Bd3 c5 6. c3 Nc6 7. Ngf3 cxd4 8. cxd4 f6 9. exf6 Nxf6 10. 0-0 Bd6 11. Re1 0-0 12. b3 Bd7 13. a3 Qb6 14. Bb2 Rae8 15. Rc1 Re7 16. b4 Nd8 17. Nb3 Ba4 18. Bc2 Bf4 19. Nbd2 Bxc2 20. Rxc2 a5 21. bxa5 Qxa5 22. Rc5 Qa6 23. Qb3 Ref7 24. Nf1 Ne4 25. Rc2 Nc6 26. Ng3 Na5 27. Qa4 b5 28. Qb4 Bd6 29. Rc5 Bxc5 30. dxc5 Nxg3 31. hxg3 Nc4 32. Bd4 Re8 33. Ng5 Rf5 34. f4 h6 35. Nf3 Rf7 36. Qb1 Ra8 37. Nh4 Nd2 38. Qg6 Ne4 39. Rc1 Qxa3 40. Ra1 Qxa1+ 41. Bxa1 Rxa1+ 42. Kh2 Nf2 43. g4 Rh1+ 44. Kg3 Ne4+ 45. Kf3 Rxh4 46. Qxe6 Ng5+ 0-1

[Event "BCF-chT3S 1718 (4NCL) Demotion pool"]
[Site "England"]
[Date "2018.03.25"]
[Round "8.66"]
[White "Clancy, Martin J"]
[Black "Sutton, Daniel"]
[Result "0-1"]
[WhiteElo "1835"]
[BlackElo "1859"]
[PlyCount "98"]
[EventDate "2017.11.11"]
[EventType "team-tourn"]
[EventRounds "11"]
[EventCountry "ENG"]
[SourceTitle "EXT 2020"]
[Source "ChessBase"]
[SourceDate "2019.10.17"]
[SourceVersion "1"]
[SourceVersionDate "2019.10.17"]
[SourceQuality "1"]
[WhiteTeam "Hackney"]
[BlackTeam "Sussex Martlets II"]
[WhiteTeamCountry "ENG"]
[BlackTeamCountry "ENG"]

1. e4 e5 2. Nf3 Nc6 3. Bb5 a6 4. Ba4 Nf6 5. 0-0 b5 6. Bb3 Bc5 7. c3 d6 8. d4 Bb6 9. h3 0-0 10. a4 Bb7 11. d5 Ne7 12. Re1 h6 13. axb5 axb5 14. Rxa8 Bxa8 15. Na3 c6 16. dxc6 Bxc6 17. Bd5 Nexd5 18. exd5 Bd7 19. Qb3 Qb8 20. Be3 Bxe3 21. fxe3 Qb7 22. c4 Rb8 23. e4 bxc4 24. Qxb7 Rxb7 25. Nxc4 Ne8 26. Ra1 Kf8 27. Ra6 Bb5 28. Rb6 Rxb6 29. Nxb6 Ke7 30. Kf2 Kd8 31. Nd2 Kc7 32. Nbc4 Kb7 33. Ke3 Kc7 34. g4 Nf6 35. Na3 Ba6 36. b4 Nd7 37. Ndc4 Nb6 38. Nd2 Na4 39. Nac4 Nc3 40. Kd3 Na2 41. h4 Nxb4+ 42. Ke3 Nc2+ 43. Kf3 Nd4+ 44. Ke3 g5 45. hxg5 hxg5 46. Kf2 f6 47. Kg3 Nb3 48. Nxd6 Nxd2 49. Ne8+ Kd8 0-1

[Event "BCF-ch Seniors 50"]
[Site "Llandudno"]
[Date "2017.08.05"]
[Round "7"]
[White "Fallowfield, Nicholas"]
[Black "Clancy, Martin J"]
[Result "1-0"]
[WhiteElo "1901"]
[BlackElo "1883"]
[PlyCount "56"]
[EventDate "2017.07.30"]
[EventType "swiss"]
[EventRounds "7"]
[EventCountry "WLS"]
[SourceTitle "CBM 179 Extra"]
[Source "ChessBase"]
[SourceDate "2017.08.23"]
[SourceVersion "1"]
[SourceVersionDate "2017.08.23"]
[SourceQuality "1"]

1. Nf3 g6 2. e4 c5 3. d4 cxd4 4. Nxd4 Nf6 5. Nc3 d6 6. f4 Nc6 7. Nb3 Bg7 8. Be2 Qb6 9. Bf3 Be6 10. Nd5 Bxd5 11. exd5 Na5 12. Qe2 Nxb3 13. axb3 a6 14. Be3 Qc7 15. 0-0 0-0 16. Bd4 Nxd5 17. Bxg7 Kxg7 18. Qe4 Qc5+ 19. Kh1 Ne3 20. b4 d5 21. Qd3 Qb6 22. Rfe1 d4 23. c3 Rac8 24. Bxb7 Rc7 25. Bxa6 Ra8 26. b5 Rd8 27. Rxe3 dxe3 28. Qxd8 Qe6 1-0

[Event "BCF-ch Seniors 50"]
[Site "Llandudno"]
[Date "2017.08.02"]
[Round "4"]
[White "Parker, Keith"]
[Black "Clancy, Martin J"]
[Result "1/2-1/2"]
[WhiteElo "1849"]
[BlackElo "1883"]
[PlyCount "36"]
[EventDate "2017.07.30"]
[EventType "swiss"]
[EventRounds "7"]
[EventCountry "WLS"]
[SourceTitle "CBM 179 Extra"]
[Source "ChessBase"]
[SourceDate "2017.08.23"]
[SourceVersion "1"]
[SourceVersionDate "2017.08.23"]
[SourceQuality "1"]

1. d4 g6 2. e4 Bg7 3. Nc3 d6 4. Bf4 Nc6 5. Bb5 Bd7 6. Nf3 a6 7. Be2 Nf6 8. Qd2 b5 9. d5 Na5 10. e5 Ng4 11. exd6 cxd6 12. 0-0 Rc8 13. h3 Nf6 14. a3 0-0 15. Bh6 Qc7 16. Bxg7 Kxg7 17. Rfe1 Rfe8 18. Qd4 Kg8 1/2-1/2

[Event "Frome op"]
[Site "Frome"]
[Date "2017.05.13"]
[Round "3"]
[White "Menadue, Jeremy FS"]
[Black "Clancy, Martin J"]
[Result "1-0"]
[WhiteElo "2082"]
[BlackElo "1886"]
[PlyCount "39"]
[EventDate "2017.05.12"]
[EventType "swiss"]
[EventRounds "5"]
[EventCountry "ENG"]
[SourceTitle "CBM 178 Extra"]
[Source "ChessBase"]
[SourceDate "2017.06.22"]
[SourceVersion "1"]
[SourceVersionDate "2017.06.22"]
[SourceQuality "1"]

1. d4 g6 2. c4 Bg7 3. Nc3 d6 4. e4 c5 5. d5 a6 6. Nge2 e6 7. Ng3 Nf6 8. Be2 Qe7 9. 0-0 Nbd7 10. a4 h5 11. dxe6 fxe6 12. f4 h4 13. Nh1 Nh5 14. Be3 Ndf6 15. Qd2 0-0 16. Rae1 Ne8 17. Nf2 Bd7 18. e5 Bxa4 19. Nxa4 dxe5 20. Bxc5 1-0

[Event "Hampshire op"]
[Site "Eastleigh"]
[Date "2016.11.05"]
[Round "4"]
[White "Wiltshir, Richard"]
[Black "Clancy, Martin J"]
[Result "0-1"]
[WhiteElo "1622"]
[BlackElo "1903"]
[PlyCount "58"]
[EventDate "2016.11.04"]
[EventType "swiss"]
[EventRounds "6"]
[EventCountry "ENG"]
[SourceTitle "CBM 175 Extra"]
[Source "ChessBase"]
[SourceDate "2016.12.12"]
[SourceVersion "1"]
[SourceVersionDate "2016.12.12"]
[SourceQuality "1"]

1. Nc3 c5 2. Nf3 Nc6 3. e3 d5 4. Bb5 e6 5. d4 Bd7 6. Bxc6 Bxc6 7. Ne5 Qc7 8. Bd2 cxd4 9. exd4 Bd6 10. Qe2 Ne7 11. Nb5 Bxb5 12. Qxb5+ Nc6 13. Nxc6 bxc6 14. Qa6 0-0 15. h4 e5 16. 0-0-0 Rab8 17. Ba5 Qd7 18. Bc3 exd4 19. Rxd4 Rb6 20. Qa4 Qb7 21. Rg4 f6 22. h5 Be5 23. h6 g6 24. Bd4 Rb4 25. Rxg6+ hxg6 26. h7+ Kh8 27. Qa3 Rb8 28. Bxe5 fxe5 29. b3 Qf7 0-1

[Event "BCF-ch Seniors 50"]
[Site "Bournemouth"]
[Date "2016.07.31"]
[Round "2"]
[White "Clancy, Martin J"]
[Black "Newell, David F"]
[Result "1/2-1/2"]
[WhiteElo "1958"]
[BlackElo "1908"]
[PlyCount "62"]
[EventDate "2016.07.30"]
[EventType "swiss"]
[EventRounds "7"]
[EventCountry "ENG"]
[SourceTitle "CBM 173 Extra"]
[Source "ChessBase"]
[SourceDate "2016.08.29"]
[SourceVersion "1"]
[SourceVersionDate "2016.08.29"]
[SourceQuality "1"]

1. e4 c5 2. Nf3 Nc6 3. d4 cxd4 4. Nxd4 g6 5. Be3 Nf6 6. Nc3 Bg7 7. Be2 0-0 8. Qd2 d5 9. f3 Nxd4 10. Bxd4 dxe4 11. 0-0-0 exf3 12. Bxf3 Qa5 13. Rhe1 Be6 14. Re5 Qd8 15. Qe2 Qc7 16. Rc5 Bh6+ 17. Kb1 Qxh2 18. Bxb7 Rab8 19. Be5 Bf4 20. Bxb8 Bxb8 21. Nd5 Nxd5 22. Bxd5 Bd6 23. Ra5 Bf5 24. Rxa7 Rc8 25. Ra8 Rxa8 26. Bxa8 Qf4 27. Qf3 Qa4 28. b3 Qa3 29. Be4 Be5 30. c3 Bxe4+ 31. Qxe4 Bxc3 1/2-1/2

[Event "GBR-ch Major 103rd"]
[Site "Bournemouth"]
[Date "2016.07.29"]
[Round "5"]
[White "Modi, Kishan Jagdish"]
[Black "Clancy, Martin J"]
[Result "1-0"]
[WhiteElo "1329"]
[BlackElo "1958"]
[PlyCount "53"]
[EventDate "2016.07.25"]
[EventType "swiss"]
[EventRounds "11"]
[EventCountry "ENG"]
[SourceTitle "CBM 173 Extra"]
[Source "ChessBase"]
[SourceDate "2016.08.29"]
[SourceVersion "1"]
[SourceVersionDate "2016.08.29"]
[SourceQuality "1"]

1. e4 c5 2. Nf3 e6 3. d4 cxd4 4. Nxd4 Nc6 5. Nb5 d6 6. c4 Nf6 7. N1c3 a6 8. Nd4 Qc7 9. Be2 Be7 10. Be3 Bd7 11. Rc1 0-0 12. f4 Nxd4 13. Bxd4 Bc6 14. Bf3 Rad8 15. Qc2 Qa5 16. 0-0 b5 17. cxb5 axb5 18. e5 dxe5 19. fxe5 Rxd4 20. exf6 Bxf6 21. Bxc6 Qb6 22. Nxb5 Rd2+ 23. Qc5 Qxc5+ 24. Rxc5 Rxb2 25. a4 Rb4 26. a5 Rc8 27. a6 1-0

[Event "GBR-ch Major 103rd"]
[Site "Bournemouth"]
[Date "2016.07.27"]
[Round "3"]
[White "Young, Daniel"]
[Black "Clancy, Martin J"]
[Result "1/2-1/2"]
[WhiteElo "1838"]
[BlackElo "1958"]
[PlyCount "84"]
[EventDate "2016.07.25"]
[EventType "swiss"]
[EventRounds "11"]
[EventCountry "ENG"]
[SourceTitle "CBM 173 Extra"]
[Source "ChessBase"]
[SourceDate "2016.08.29"]
[SourceVersion "1"]
[SourceVersionDate "2016.08.29"]
[SourceQuality "1"]

1. e4 c5 2. Nf3 e6 3. d4 cxd4 4. Nxd4 Nc6 5. Nc3 Qc7 6. Be3 a6 7. Nxc6 Qxc6 8. Bd3 Bb4 9. Qd2 Nf6 10. f3 d5 11. e5 Nd7 12. f4 Nb6 13. Bd4 Bd7 14. a3 Bxc3 15. Bxc3 Nc4 16. Qf2 Qb6 17. Qxb6 Nxb6 18. Bd4 Nc8 19. Kd2 Ne7 20. g4 Rc8 21. Rhg1 0-0 22. Raf1 Rfe8 23. Ke3 Nc6 24. h4 Nxd4 25. Kxd4 Ba4 26. Rf2 Rc7 27. f5 Rec8 28. Rgg2 Bd7 29. f6 Bb5 30. g5 Bxd3 31. cxd3 Rc1 32. h5 Rh1 33. g6 Rh4+ 34. Ke3 hxg6 35. hxg6 Rh3+ 36. Kd2 fxg6 37. Rxg6 Rc7 38. fxg7 Rxg7 39. Rxg7+ Kxg7 40. Rf6 Rh6 41. Rf3 Rh8 42. d4 Rc8 1/2-1/2

[Event "GBR-ch Major 103rd"]
[Site "Bournemouth"]
[Date "2016.07.26"]
[Round "2"]
[White "Clancy, Martin J"]
[Black "Boswell, Jacob Connor"]
[Result "1/2-1/2"]
[WhiteElo "1958"]
[BlackElo "1798"]
[PlyCount "33"]
[EventDate "2016.07.25"]
[EventType "swiss"]
[EventRounds "11"]
[EventCountry "ENG"]
[SourceTitle "CBM 173 Extra"]
[Source "ChessBase"]
[SourceDate "2016.08.29"]
[SourceVersion "1"]
[SourceVersionDate "2016.08.29"]
[SourceQuality "1"]

1. e4 e5 2. Nf3 Nc6 3. Bb5 a6 4. Ba4 Nf6 5. 0-0 b5 6. Bb3 Be7 7. Qe2 0-0 8. c3 d6 9. d4 Bg4 10. Rd1 Qc8 11. Bg5 Na5 12. Qe3 Nxb3 13. axb3 h6 14. dxe5 dxe5 15. Bh4 Re8 16. Nbd2 Nh7 17. Bxe7 1/2-1/2

[Event "Crawley e2e4 Gatwick op"]
[Site "Crawley"]
[Date "2016.02.21"]
[Round "4"]
[White "Wilson, Matthew R"]
[Black "Clancy, Martin J"]
[Result "0-1"]
[WhiteElo "1823"]
[BlackElo "1937"]
[PlyCount "104"]
[EventDate "2016.02.19"]
[EventType "swiss"]
[EventRounds "5"]
[EventCountry "ENG"]
[SourceTitle "CBM 171 Extra"]
[Source "ChessBase"]
[SourceDate "2016.04.26"]
[SourceVersion "1"]
[SourceVersionDate "2016.04.26"]
[SourceQuality "1"]

1. e4 c5 2. Nc3 Nc6 3. f4 g6 4. Nf3 Bg7 5. Bb5 e6 6. Bxc6 bxc6 7. e5 f5 8. b3 Nh6 9. Ba3 Bf8 10. Na4 Qa5 11. Qe2 Be7 12. 0-0 c4 13. Bxe7 Kxe7 14. Nb2 Qc5+ 15. Kh1 cxb3 16. cxb3 a5 17. Nc4 Nf7 18. d4 Qa7 19. Qe1 h6 20. Nd6 Ba6 21. Rg1 Qc7 22. Nxf7 Kxf7 23. g4 Rag8 24. gxf5 exf5 25. Qc3 Bb7 26. Qc4+ Kg7 27. Qc5 Qd8 28. Rg2 Qf8 29. Qb6 Qc8 30. Qc5 Kh7 31. Rg3 Qf8 32. Qxa5 c5 33. Qxc5 Qxc5 34. dxc5 g5 35. fxg5 hxg5 36. Kg1 g4 37. Nd2 Kg6 38. Nc4 Rxh2 39. Rxg4+ fxg4 40. Kxh2 Kg5 41. Rg1 Rh8+ 42. Kg3 Rh3+ 43. Kf2 Kf4 44. Rf1 Bf3 45. Ke1 g3 46. Nd2 g2 47. Rg1 Kg3 48. Nxf3 Kxf3 49. e6 dxe6 50. c6 Rh1 51. c7 Rxg1+ 52. Kd2 Rc1 0-1